000 00666nam a2200229Ia 4500
003 OSt
005 20220925215515.0
006 a|||||r|||| 00| 0
007 ta
008 220923b |||||||| |||| 00| 0 eng d
037 _cGeneral Book
040 _aRTL
_cRTL
_beng
041 _2eng
_aeng
082 _aV3:19.N43<--N33, L3
100 _aCrozier W p
_9118525
245 0 _aOff the record
_b Political interviews 1933-1943. Ed
260 _aLondon
_bHutchinson
_c1973
300 _axxiv, 397p
_ccm.
650 _aOreign Policy Great Britain
942 _hV3:19.N43<--N33, L3
_cGB
_2CC
999 _c568963
_d568963